Stella Adadevoh… what change? Manteca… and other poems… : 10th and 9th years of poem of the week

Saved in:
Bibliographic Details
Main Author: OLADITAN, Lere
Format: Book
Language:English
Published: Zenith BookHouse 2016.
Tags: Add Tag
No Tags, Be the first to tag this record!

MARC

LEADER 00000nam a22000007a 4500
008 201218b ||||| |||| 00| 0 eng d
020 |a  ISBN: 978-978-541-352-6 
100 |a OLADITAN, Lere 
245 |a Stella Adadevoh… what change? Manteca… and other poems… : 10th and 9th years of poem of the week  |c Lere Oladitan  |g xiii, 190p.; ill. 
260 |b Zenith BookHouse  |c 2016.  |h  Ibadan:  |i 689319  |i  689320   |i 689321  |i , 689322   |l PS507.Ol1  |m Nigerian poetry (English). 
942 |a lcc  |c BK  |e Olagoke, M.A  |f 18/12/2020 
952 |0 0  |1 0  |2 lcc  |4 0  |6 PS0507 M142  |7 0  |9 1932  |a HOL  |b AC  |d 2021-01-26  |l 0  |o PS507 .M142  |p 2021-5795  |r 2021-01-26 00:00:00  |w 2021-01-26  |y BK 
952 |0 0  |1 0  |2 lcc  |4 0  |6 PS0507 M142  |7 0  |9 1941  |a HOL  |b ART  |c LP  |d 2021-01-26  |l 0  |o PS507 .M142  |p 2021-5804  |r 2021-01-26 00:00:00  |w 2021-01-26  |y BK 
952 |0 0  |1 0  |2 lcc  |4 0  |6 PS0507 M142  |7 0  |9 1946  |a HOL  |b HOL  |c LP  |d 2021-01-26  |l 0  |o PS507 .M142  |p 2021-5809  |r 2021-01-26 00:00:00  |w 2021-01-26  |y BK 
952 |0 0  |1 0  |2 lcc  |4 0  |6 PS0507 M142  |7 0  |9 1952  |a HOL  |b HOL  |c LP  |d 2021-01-26  |l 0  |o PS507 .M142  |p 2021-5815  |r 2021-01-26 00:00:00  |w 2021-01-26  |y BK 
999 |c 475  |d 475